LEADER 01154nam0 2200289 450 001 000020394 005 20081222092200.0 100 $a20081205d1963----km-y0itay50------ba 101 0 $aeng 102 $aGB$aUS 105 $ay-------101yy 200 1 $aInternational trade theory in a developing world$eproceedings of a conference held by the International economic association$fedited by Roy Harrod$gassisted by Douglas Hague 210 $aLondon$cMacmillan$aNew York$cSt. Martin's press$d1963 215 $aXV, 570 p.$d23 cm 225 2 $aInternational economic association$v13 410 0$12001$aInternational economic association 500 10$aInternational trade theory in a developing world$960640 610 1 $aCongressi$aBrissago$a1961 610 1 $aCommercio internazionale$aTeorie$aCongressi$a1961 702 1$aHarrod,$bRoy Forbes$4070 702 1$aHague,$bDouglas Chalmers$4070 712 02$aInternational economic association$4070 801 0$aIT$bUNIPARTHENOPE$c20081205$gRICA$2UNIMARC 912 $a000020394 951 $a411/4$b1547$cNAVA2 996 $aInternational trade theory in a developing world$960640 997 $aUNIPARTHENOPE LEADER 02095nam 2200397 n 450 001 996392965403316 005 20200824121712.0 035 $a(CKB)4940000000110169 035 $a(EEBO)2240948825 035 $a(UnM)99866285e 035 $a(UnM)99866285 035 $a(EXLCZ)994940000000110169 100 $a19940325d1653 uy | 101 0 $aeng 135 $aurbn||||a|bb| 200 14$aThe black and terrible vvarning piece: or, a scourge to Englands rebellion$b[electronic resource] $eTruly representing, the horrible iniquity of the times; the dangerous proceedings of the ranters, and the holding of no Resurrection by the shakers, in Yorkshire and elsewhere. With the several judgements of the most high and eternal Lord God, upon all usurpers, who deny His law, and His truth; and the manner how 130 children were taken away by the devil, and never seen no more; and divers others taken, rent, torn, and cast up and down from room to room, by strange and dreadfull spirits, appearing in the shapes of, a black boar, a roaring lyon, an English statesman, and a Roman fryer. Extracted out of the elaborate works of Bishop Hall, and Sir Kenelm Digby; and published for general satisfaction, to all Christian princes, states, and common-wealths in Europe 210 $aLondon $cprinted for George Horton$d1653 215 $a[2], 6 p 300 $aAnnotation on Thomason copy: "Nou. 29.". 300 $aReproduction of the original in the British Library. 330 $aeebo-0018 606 $aGod$xWrath$vEarly works to 1800 606 $aRanters$vEarly works to 1800 607 $aGreat Britain$xHistory$yPuritian Revolution, 1642-1600$vEarly works to 1800 615 0$aGod$xWrath 615 0$aRanters 700 $aHall$b George$f1612?-1668.$01006817 701 $aDigby$b Kenelm$cSir,$f1603-1665.$0615042 801 0$bCu-RivES 801 1$bCu-RivES 801 2$bCStRLIN 801 2$bWaOLN 906 $aBOOK 912 $a996392965403316 996 $aThe black and terrible vvarning piece: or, a scourge to Englands rebellion$92359796 997 $aUNISA